FNAF security breach quiz - Statistics

General Stats
  • This quiz has been taken 148 times
  • The average score is 10 of 15
Answer Stats
Hint Answer % Correct
Who do you play as in security breach? Gregory
99%
Who do you play as in security breach ruin DLC? Cassie
85%
What is the name of the security guard? Vanessa
85%
Who is Vanessa’s alter ego? Vanny
84%
Who gets crushed in a trash compactor? Glamrock chica
83%
Dj __________? Music man
80%
“Disassemble ______”? Freddy
76%
Who appears when the lights go off? Moon
75%
In ruin who do you have to deactivate? Roxanne wolf
67%
Who is the villain/ boss of ruin? The mimic
62%
What pizzeria simulator animatronic has there own restaurant? El chip
59%
What else can you collect other than the fazer blaster? Faz cam
52%
What glamrock animatronics dressing room is show in ruin? Bonnie
44%
What small yellow bot watches you? Wet floor bot
39%
What is Monty’s attraction/ themed area Gator golf
38%
No matching quizzes found
Score Distribution
Percent of People with Each Score
Percentile by Number Answered
Your Score History
You have not taken this quiz